000 00809nam a2200217Ii 4500
003 JO-AjNU
008 230605s9999||||xx |||||||||||||| ||und||
040 _aJO-AjNU
_bara
_erda
_cJO-AjNU
041 _aara
050 1 4 _aBP136.6.L3496 1987
100 3 _aالهندي، أبي الحسنات محمد عبد الحي اللكنوي؛ تحقيق عبد الفتاح أبو غدة,
_eauthor
_941006
245 0 0 _aالرفع والتكميل في الجرح والتعديل
250 _aط3
264 3 1 _aبيروت: دار الافصى، 1979
300 _a564ص
336 _atext
_btxt
_2rdacontent
337 _aunmediated
_bn
_2rdamedia
338 _avolume
_bnc
_2rdacarrier
490 0 _aمؤلفات الامام اللكنوي 1
650 4 _aالحديث - الجرح والتعديل -
_941007
999 _aA17447
_c21015
_d21015